00504nam a2200145Ia 4500082001200000100001700012245015700029260003500186300001000221650002500231650002500256650002800281650002400309710002500333 aTL.0049 aLerche, Jens 0aEconomic development and transformation of traditional social relations : A case study of the Viswakarma blacksmith and carpenter caste of Orissa, India c1991bUniversity of Copenhagen a210p. aBLACKSMITHS - ORISSA aOCCUPATIONS - ORISSA aSOCIAL CLASSES - ORISSA aCARPENTERS - ORISSA aWestergaard, Kirsten